000 01283nam a22001577a 4500
041 _aukr
080 _a09
090 _bСИМ
100 _aСимончук В. В.
245 _aПоняття концепту свій/чужий у англійській літературі
260 _aОстрог
_bКАФ
_c2012
300 _a51
520 _aРОЗДІЛ 1. ПОНЯТТЯ КОНЦЕПТУ СВІЙ/ЧУЖИЙ У ГНОСЕОЛОГІЧНОМУ ТА ОНТОЛОГІЧНОМУ ВИСВІТЛЕННІ. 1.1. Свій/чужий у художній семантиці. 1.2. Свій/чужий у гносеологічному та онтологічному висвітленні. РОЗДІЛ 2. КОНЦЕПТ СВІЙ/ЧУЖИЙ У ХУДОЖНІЙ ЛІТЕРАТУРІ АНГЛІЇ. 2.1. Універсальність бінарної опозиції свій/чужий у художньому просторі чарівної казки. 2.2. Свій/чужий у ситемі словесних і концептуальних образів романів Г.Гріна. РОЗДІЛ 3. СВІЙ/ЧУЖИЙ У СИСТЕМІ ПЕРСОНАЖНИХ ОБРАЗІВ РОМАНІВ Г.ГРІНА.
_0концепт
650 _aResearch Papers
999 _c284879
_d284879
942 _cBK